[Event "Rodovremesterskabet Gruppe B 2009"]
[Site "Rodovre"]
[Date "2009.09.01"]
[Round "1"]
[White "Hansen, Ernst Mader"]
[Black "Lergren, Ole"]
[Result "0-1"]
[WhiteElo "1582"]
[BlackElo "1570"]
[PlyCount "48"]
[EventDate "2009.??.??"]

1. e4 c5 2. Nf3 Nc6 3. d4 cxd4 4. Nxd4 a6 5. Be2 Nf6 6. Nc3 e5 7. Nf5 d6 8. Ng3
Nd4 9. O-O Bd7 10. Kh1 Rc8 11. Bd3 Be7 12. f4 Bg4 13. Qd2 h5 14. f5 h4 15. Nge2
h3 16. g3 Nf3 17. Qe3 d5 18. Qf2 Bc5 19. Be3 d4 20. Bxd4 Nxd4 21. Qe1 Bf3+ 22.
Rxf3 Nxf3 23. Qd1 Ng4 24. Qf1 Nf2+ 0-1

[Event "Rodovremesterskabet Gruppe B 2009"]
[Site "Rodovre"]
[Date "2009.09.01"]
[Round "1"]
[White "Nielsen, Kurt Sogaard"]
[Black "Ingvardsen, Jan"]
[Result "0-1"]
[WhiteElo "1537"]
[BlackElo "1314"]
[PlyCount "83"]
[EventDate "2009.??.??"]

1. d4 Nf6 2. c4 e6 3. Nc3 Be7 4. Nf3 O-O 5. e4 h6 6. Bd3 Nh7 7. O-O Nc6 8. a3
Ng5 9. Be3 Nxf3+ 10. Qxf3 e5 11. d5 Nd4 12. Bxd4 exd4 13. Ne2 c5 14. Ng3 d6 15.
Rfe1 Bf6 16. Nh5 Be5 17. Ng3 Qg5 18. Be2 f5 19. exf5 Bxf5 20. Nxf5 Rxf5 21. Qd3
Qf4 22. Qg3 Qd2 23. Qd3 Qg5 24. b4 Raf8 25. Rf1 h5 26. bxc5 dxc5 27. Rab1 b6
28. Rb3 h4 29. Qh3 Qf6 30. f3 Bf4 31. Re1 Re8 32. g4 hxg3 33. hxg3 Be3+ 34. Kf1
Rxf3+ 35. Kg2 Rf2+ 36. Kh1 Bd2 37. Qh5 Re5 38. Qg4 Qh6+ 39. Qh4 Qxh4+ 40. gxh4
Bxe1 41. d6 Rexe2 42. -- 0-1

[Event "Rodovremesterskabet Gruppe B 2009"]
[Site "Rodovre"]
[Date "2009.09.01"]
[Round "1"]
[White "Nielsen, Niels Holger"]
[Black "Sorensen, Poul Busk"]
[Result "1-0"]
[WhiteElo "1415"]
[BlackElo "1500"]
[PlyCount "81"]
[EventDate "2009.??.??"]

1. e4 e6 2. d4 d5 3. Nd2 c5 4. c3 Nc6 5. Ngf3 dxe4 6. Nxe4 cxd4 7. cxd4 Bb4+ 8.
Nc3 Nf6 9. a3 Bxc3+ 10. bxc3 Ne4 11. Qc2 f5 12. Bc4 Nd6 13. Ba2 Nf7 14. O-O O-O
15. Bb2 Qe7 16. Rfe1 Qd6 17. Rad1 Ne7 18. c4 b6 19. d5 exd5 20. cxd5 Kh8 21.
Nd4 Nh6 22. Ne6 Bxe6 23. Rxe6 Qd7 24. Rxh6 Rac8 25. Qd3 Ng8 26. Rh4 Qd6 27. Qd4
Qf6 28. d6 Rc2 29. Qxf6 Nxf6 30. Bxf6 gxf6 31. Bb1 Rc5 32. Rhd4 Kg7 33. h3 Kg6
34. d7 Rd8 35. Kh2 Rc3 36. Re1 Rc7 37. Re7 a6 38. g4 Kg5 39. Bxf5 h5 40. Rg7+
Kh6 41. Rh7+ 1-0

[Event "Rodovremesterskabet Gruppe B 2009"]
[Site "Rodovre"]
[Date "2009.09.17"]
[Round "1"]
[White "Henriksen, Franz"]
[Black "Wisal, Zoran"]
[Result "1-0"]
[WhiteElo "1368"]
[BlackElo "1460"]
[PlyCount "71"]
[EventDate "2009.??.??"]

1. e4 e5 2. f4 exf4 3. Nf3 Nf6 4. Nc3 d6 5. d4 Bg4 6. h3 Bh5 7. Bxf4 a6 8. Bc4
Be7 9. g4 Bg6 10. Qe2 O-O 11. O-O-O Nc6 12. d5 Na5 13. Bd3 b5 14. Nh4 Rc8 15.
Nxg6 fxg6 16. Bd2 c5 17. dxc6 Nxc6 18. g5 Nd7 19. h4 Nde5 20. Nd5 Nxd3+ 21.
Qxd3 Ne5 22. Qa3 Rc6 23. Bc3 Qd7 24. Nb4 Nc4 25. Qb3 Rcc8 26. Nxa6 Qa7 27. Nb4
Rf3 28. Nd5 Bf8 29. Kb1 Qc5 30. Rd3 Rf2 31. Bd4 Na5 32. Bxc5 Nxb3 33. Bxf2 Nc5
34. Rc3 Re8 35. Bxc5 dxc5 36. Re1 1-0

[Event "Rodovremesterskabet Gruppe B 2009"]
[Site "Rodovre"]
[Date "2009.09.08"]
[Round "2"]
[White "Henriksen, Franz"]
[Black "Nielsen, Kurt Sogaard"]
[Result "1-0"]
[WhiteElo "1368"]
[BlackElo "1537"]
[PlyCount "35"]
[EventDate "2009.??.??"]

1. f4 Nf6 2. Nf3 Nc6 3. e3 d5 4. b3 e6 5. Bb2 Be7 6. Bb5 O-O 7. Bxc6 bxc6 8.
O-O Ba6 9. d3 c5 10. c4 Ng4 11. Qe1 c6 12. Qg3 Nf6 13. Nbd2 Nh5 14. Qh3 g6 15.
g4 Ng7 16. Qh6 f6 17. Ng5 d4 18. Qxh7# 1-0

[Event "Rodovremesterskabet Gruppe B 2009"]
[Site "Rodovre"]
[Date "2009.09.08"]
[Round "2"]
[White "Lergren, Ole"]
[Black "Nielsen, Niels Holger"]
[Result "1-0"]
[WhiteElo "1570"]
[BlackElo "1415"]
[PlyCount "71"]
[EventDate "2009.??.??"]

1. d4 d5 2. c4 c6 3. cxd5 cxd5 4. Nc3 e6 5. Nf3 Nf6 6. Bf4 a6 7. h3 Nc6 8. e3
Be7 9. Rc1 O-O 10. Bd3 Bd7 11. O-O b5 12. a3 h6 13. e4 dxe4 14. Nxe4 Nxe4 15.
Bxe4 Rc8 16. Qd2 Qb6 17. Be3 Qb8 18. d5 exd5 19. Bxd5 Bf6 20. Bxh6 gxh6 21.
Qxh6 Bg7 22. Qh5 Qf4 23. Ng5 Qf5 24. g4 Qxg5 25. Qxg5 Nd4 26. Rxc8 Bxc8 27. Kg2
Ne6 28. Bxe6 Bxe6 29. Re1 f6 30. Qc5 Rc8 31. Qa7 Re8 32. Rd1 f5 33. g5 Bxb2 34.
Qxa6 f4 35. Qxb5 f3+ 36. Kg1 1-0

[Event "Rodovremesterskabet Gruppe B 2009"]
[Site "Rodovre"]
[Date "2009.09.08"]
[Round "2"]
[White "Wisal, Zoran"]
[Black "Sorensen, Poul Busk"]
[Result "1-0"]
[WhiteElo "1460"]
[BlackElo "1500"]
[PlyCount "126"]
[EventDate "2009.??.??"]

1. d4 Nf6 2. b3 g6 3. Bb2 Bg7 4. Nf3 d5 5. Nbd2 Nc6 6. e3 a6 7. Be2 Bd7 8. O-O
O-O 9. c4 e6 10. Ne5 Nxe5 11. dxe5 Ne8 12. Nf3 dxc4 13. Bxc4 Bb5 14. Qxd8 Rxd8
15. Bxb5 axb5 16. Ba3 c6 17. Bxf8 Bxf8 18. Rad1 Rb8 19. Rd7 h6 20. Rfd1 b4 21.
Rd8 Rxd8 22. Rxd8 Nc7 23. Rd7 Nd5 24. Rxb7 Nc3 25. Ra7 c5 26. Nd2 Nb5 27. Ra8
Nc3 28. Nc4 Kg7 29. a3 bxa3 30. Nxa3 Ne2+ 31. Kf1 Nc1 32. Rb8 Nd3 33. Nc4 Nb4
34. Rb7 Nc6 35. Nd6 Nxe5 36. Nc4 Nxc4 37. bxc4 g5 38. g4 Kg6 39. Ke2 f5 40. h3
fxg4 41. hxg4 Kf6 42. f4 gxf4 43. exf4 Bd6 44. Kf3 Bf8 45. Rb8 Bd6 46. Rb6 Ke7
47. Rb7+ Kf6 48. Rd7 Bf8 49. Ke4 e5 50. fxe5+ Ke6 51. Rd5 Be7 52. Rd6+ Bxd6 53.
exd6 Kxd6 54. Kf5 Ke7 55. Kg6 Kf8 56. Kxh6 Kf7 57. Kg5 Kg7 58. Kf5 Kf7 59. g5
Kg7 60. g6 Kg8 61. Ke5 Kg7 62. Kd5 Kxg6 63. Kxc5 Kf6 1-0

[Event "Rodovremesterskabet Gruppe B 2009"]
[Site "Rodovre"]
[Date "2009.09.17"]
[Round "2"]
[White "Ingvardsen, Jan"]
[Black "Hansen, Ernst Mader"]
[Result "1-0"]
[WhiteElo "1314"]
[BlackElo "1582"]
[PlyCount "111"]
[EventDate "2009.??.??"]

1. Nf3 Nf6 2. d4 g6 3. b3 Bg7 4. Bb2 O-O 5. c4 d5 6. cxd5 Nxd5 7. e4 Nb6 8.
Nbd2 Nc6 9. Nc4 Bg4 10. e5 Qd5 11. Ne3 Qa5+ 12. Qd2 Bxf3 13. Qxa5 Nxa5 14. gxf3
Rad8 15. Bg2 Nd5 16. Nxd5 Rxd5 17. f4 Rdd8 18. Rd1 e6 19. O-O Nc6 20. a3 Bh6
21. Bxc6 bxc6 22. Bc1 Rd5 23. Be3 Rb8 24. b4 Bf8 25. Rc1 a5 26. Rxc6 axb4 27.
axb4 Rxb4 28. Rxc7 Rbxd4 29. Bxd4 Rxd4 30. Rb1 Rxf4 31. Rbb7 Ba3 32. Kg2 Kg7
33. Kg3 Rf5 34. f4 h5 35. h4 g5 36. hxg5 h4+ 37. Kg4 h3 38. Rb1 Kg6 39. Rc3 Be7
40. Rxh3 Bxg5 41. fxg5 Rxe5 42. Rh6+ Kg7 43. Rbh1 f5+ 44. Kf3 Re4 45. Ra1 e5
46. Ra7+ Kg8 47. Rb6 Rf4+ 48. Ke2 Re4+ 49. Kd2 Rd4+ 50. Kc3 Rd8 51. g6 e4 52.
Rf6 Rd5 53. g7 e3 54. Rf8+ Kh7 55. g8=Q+ Kh6 56. Rh7# 1-0

[Event "Rodovremesterskabet Gruppe B 2009"]
[Site "Rodovre"]
[Date "2009.09.15"]
[Round "3"]
[White "Sorensen, Poul Busk"]
[Black "Lergren, Ole"]
[Result "0-1"]
[WhiteElo "1500"]
[BlackElo "1570"]
[PlyCount "74"]
[EventDate "2009.??.??"]

1. d4 e6 2. Nf3 c5 3. e3 cxd4 4. Nxd4 Nf6 5. Bd3 Nc6 6. c3 e5 7. Nxc6 bxc6 8.
O-O d5 9. f3 Bc5 10. b4 Bb6 11. Kh1 a5 12. b5 c5 13. a4 c4 14. Be2 O-O 15. Na3
Bb7 16. Nc2 Nd7 17. e4 Nc5 18. exd5 Nb3 19. Bxc4 Nxa1 20. Nxa1 Rc8 21. Bb3 Rxc3
22. Qe1 Bd4 23. Qg3 Bxd5 24. Bxd5 Qxd5 25. Bh6 e4 26. h4 Be5 27. Qg4 f5 28. Qg5
exf3 29. gxf3 Rxf3 30. Rxf3 Qxf3+ 31. Kg1 Bf6 32. Qg2 Qxg2+ 33. Kxg2 gxh6 34.
Nb3 Bxh4 35. Nxa5 Ra8 36. b6 Rb8 37. b7 Be1 0-1

[Event "Rodovremesterskabet Gruppe B 2009"]
[Site "Rodovre"]
[Date "2009.09.15"]
[Round "3"]
[White "Nielsen, Kurt Sogaard"]
[Black "Wisal, Zoran"]
[Result "1-0"]
[WhiteElo "1537"]
[BlackElo "1460"]
[PlyCount "65"]
[EventDate "2009.??.??"]

1. d4 e6 2. c4 Nf6 3. Nc3 b6 4. e4 Bb7 5. Bd3 d6 6. Nf3 h6 7. O-O Be7 8. Bc2
Nc6 9. Ba4 O-O 10. d5 exd5 11. exd5 Ne5 12. Qe2 Nxf3+ 13. Qxf3 Nh7 14. Re1 Bg5
15. Ne4 Bxc1 16. Raxc1 a6 17. Bc2 Ng5 18. Qd3 Nxe4 19. Qxe4 g6 20. Qf4 Kg7 21.
Re3 Re8 22. Rce1 Rxe3 23. Rxe3 Qf8 24. Qd4+ Kh7 25. Qe4 Kg7 26. h4 h5 27. Qd4+
Kh7 28. Qf6 Re8 29. Rf3 Kg8 30. Bxg6 Re1+ 31. Kh2 Qg7 32. Qd8+ Qf8 33. Bxf7+
1-0

[Event "Rodovremesterskabet Gruppe B 2009"]
[Site "Rodovre"]
[Date "2009.09.22"]
[Round "3"]
[White "Nielsen, Niels Holger"]
[Black "Ingvardsen, Jan"]
[Result "0-1"]
[WhiteElo "1415"]
[BlackElo "1314"]
[PlyCount "84"]
[EventDate "2009.??.??"]

1. e4 e6 2. d4 d5 3. e5 c5 4. c3 Nc6 5. Qg4 cxd4 6. cxd4 Qb6 7. Nf3 Nb4 8. Na3
Bd7 9. Be2 Rc8 10. O-O Ne7 11. Bd2 Ng6 12. Bc3 Be7 13. Rfe1 O-O 14. h4 f5 15.
Qg3 Be8 16. h5 Nh8 17. Ng5 Bxg5 18. Qxg5 Nf7 19. Qd2 a5 20. Bd1 Nh6 21. Rc1 Bc6
22. Nc2 Nxa2 23. Bxa5 Qxb2 24. Rb1 Qxb1 25. Na3 Qc1 26. Qxa2 Qf4 27. Qb2 Ng4
28. Bf3 Nh2 29. Bd1 Qh4 30. Re3 Ng4 31. Rh3 Qg5 32. Bd2 Qd8 33. Rg3 Be8 34. f3
Qh4 35. Be1 Qh2+ 36. Kf1 Ne3+ 37. Ke2 Nxg2 38. Bf2 Bxh5 39. Qxb7 Bf7 40. Qe7
Nf4+ 41. Kf1 Rc1 42. Be1 Rxd1 0-1

[Event "Rodovremesterskabet Gruppe B 2009"]
[Site "Rodovre"]
[Date "2009.09.24"]
[Round "3"]
[White "Hansen, Ernst Mader"]
[Black "Henriksen, Franz"]
[Result "0-1"]
[WhiteElo "1582"]
[BlackElo "1368"]
[PlyCount "62"]
[EventDate "2009.??.??"]

1. e4 e5 2. Nf3 d6 3. d4 Qe7 4. Nc3 exd4 5. Nxd4 Nf6 6. Bd3 g6 7. O-O Bg7 8.
Re1 O-O 9. Nb3 Nc6 10. Bg5 h6 11. Bh4 Ne5 12. Nd5 Qd8 13. h3 g5 14. Bg3 Nxd3
15. Qxd3 Nxd5 16. exd5 Bxb2 17. Rab1 Qf6 18. Na5 Bf5 19. Qb3 Bc3 20. Qxb7 Bxa5
21. Re2 Rab8 22. Qxb8 Rxb8 23. Rxb8+ Kg7 24. Ree8 Qa1+ 25. Kh2 Qxa2 26. h4 Qxd5
27. Rg8+ Kf6 28. hxg5+ hxg5 29. Rh8 Bg6 30. f4 Bd2 31. fxg5+ Bxg5 0-1

[Event "Rodovremesterskabet Gruppe B 2009"]
[Site "Rodovre"]
[Date "2009.09.22"]
[Round "4"]
[White "Henriksen, Franz"]
[Black "Nielsen, Niels Holger"]
[Result "0-1"]
[WhiteElo "1368"]
[BlackElo "1415"]
[PlyCount "76"]
[EventDate "2009.??.??"]

1. e4 e5 2. f4 exf4 3. Nf3 Ne7 4. Bc4 Ng6 5. d4 d6 6. O-O Be7 7. b3 O-O 8. Bb2
Bg4 9. Nbd2 Nd7 10. h3 Bh5 11. g4 fxg3 12. Qe1 Nb6 13. Qxg3 Nxc4 14. Nxc4 b5
15. Ne3 c6 16. Rad1 d5 17. exd5 cxd5 18. Rde1 Bxf3 19. Qxf3 Bh4 20. Re2 Qd7 21.
Nxd5 Rae8 22. Rg2 Re1 23. Rxe1 Bxe1 24. Re2 Bh4 25. Ba3 Rd8 26. c4 a5 27. Bc5
h6 28. Bb6 Re8 29. Rxe8+ Qxe8 30. Qe3 Qc6 31. Bc5 bxc4 32. bxc4 Qd7 33. Kg2 Bg5
34. Qe4 Nh4+ 35. Kh2 Qa4 36. Nc3 Qxc4 37. Qe8+ Kh7 38. Qe1 Nf3+ 0-1

[Event "Rodovremesterskabet Gruppe B 2009"]
[Site "Rodovre"]
[Date "2009.09.22"]
[Round "4"]
[White "Nielsen, Kurt Sogaard"]
[Black "Hansen, Ernst Mader"]
[Result "1-0"]
[WhiteElo "1537"]
[BlackElo "1582"]
[PlyCount "61"]
[EventDate "2009.??.??"]

1. d4 Nf6 2. c4 g6 3. Nc3 d5 4. e3 Bg7 5. Nf3 O-O 6. b3 a6 7. Be2 c6 8. O-O Re8
9. Bb2 Nbd7 10. cxd5 cxd5 11. Rc1 Nb6 12. Bd3 Bd7 13. Ne5 Rc8 14. Ba3 Bc6 15.
Qf3 Nbd7 16. Nxc6 Rxc6 17. Nxd5 e5 18. Nxf6+ Rxf6 19. Qxb7 Rb6 20. Qc7 exd4 21.
Qxd8 Rxd8 22. exd4 Bxd4 23. h3 Ne5 24. Be2 Re6 25. Kh2 Rde8 26. Rcd1 Ba7 27. f4
Nc6 28. Bxa6 Nd4 29. Bc4 Re3 30. Bb2 Nf5 31. Rd7 1-0

[Event "Rodovremesterskabet Gruppe B 2009"]
[Site "Rodovre"]
[Date "2009.09.22"]
[Round "4"]
[White "Wisal, Zoran"]
[Black "Lergren, Ole"]
[Result "0-1"]
[WhiteElo "1460"]
[BlackElo "1570"]
[PlyCount "58"]
[EventDate "2009.??.??"]

1. d4 e6 2. e4 c5 3. Nf3 cxd4 4. Nxd4 a6 5. a3 Nc6 6. Be3 Nf6 7. Nxc6 bxc6 8.
Bd3 d5 9. e5 Nd7 10. Bf4 c5 11. O-O Qb6 12. b3 g6 13. Nd2 Bg7 14. Re1 O-O 15.
Rb1 Bb7 16. Bg3 f5 17. exf6 Bxf6 18. Qg4 Rae8 19. Nf3 Re7 20. c4 Bc3 21. Re2
Nf6 22. Qg5 Qd8 23. Be5 dxc4 24. Bxg6 Rg7 25. Nh4 Bxe5 26. Bxh7+ Kxh7 27. Qxe5
Qd5 28. f3 cxb3 29. Qxe6 Qd4+ 0-1

[Event "Rodovremesterskabet Gruppe B 2009"]
[Site "Rodovre"]
[Date "2009.09.22"]
[Round "4"]
[White "Ingvardsen, Jan"]
[Black "Sorensen, Poul Busk"]
[Result "0-1"]
[WhiteElo "1314"]
[BlackElo "1500"]
[PlyCount "131"]
[EventDate "2009.??.??"]

1. Nf3 Nf6 2. d4 e6 3. c4 b6 4. Nc3 Bb7 5. Bg5 Be7 6. e3 Ne4 7. Bxe7 Qxe7 8.
Nb5 Na6 9. a3 c6 10. Nc3 Nxc3 11. bxc3 O-O 12. Be2 Nc7 13. O-O f6 14. Qc2 c5
15. Rfb1 d5 16. Nd2 dxc4 17. Nxc4 Rab8 18. a4 Bc6 19. Bd3 h6 20. Be4 Bxe4 21.
Qxe4 Nd5 22. Rb3 cxd4 23. cxd4 Rfc8 24. Qd3 Qc7 25. Nd2 Qc2 26. Qxc2 Rxc2 27.
Nf3 Rbc8 28. g3 Rc1+ 29. Rxc1 Rxc1+ 30. Kg2 Ra1 31. e4 Ne7 32. Rb4 Kf7 33. Rc4
a6 34. Nd2 Ra3 35. Nb1 Rb3 36. Nc3 Ke8 37. d5 Kd7 38. h4 exd5 39. exd5 Kd6 40.
Ne2 Nxd5 41. Rd4 Rb4 42. Rd2 Rxa4 43. Nc3 Ra5 44. Ne4+ Ke5 45. Re2 Kd4 46. f3
Ra3 47. h5 Nc3 48. Rd2+ Ke3 49. Rd7 Nxe4 50. fxe4 Ra2+ 51. Kh3 Rd2 52. Rxg7 Rd1
53. Rg6 Kxe4 54. Rxf6 Rb1 55. Rxh6 Kf5 56. g4+ Kf4 57. Rf6+ Kg5 58. Rf5+ Kh6
59. Kg2 a5 60. Kf2 a4 61. Ke2 a3 62. Rf6+ Kg7 63. h6+ Kxf6 64. g5+ Kg6 65. Kd2
a2 66. h7 0-1

[Event "Rodovremesterskabet Gruppe B 2009"]
[Site "Rodovre"]
[Date "2009.09.29"]
[Round "5"]
[White "Sorensen, Poul Busk"]
[Black "Henriksen, Franz"]
[Result "1/2-1/2"]
[WhiteElo "1500"]
[BlackElo "1368"]
[PlyCount "56"]
[EventDate "2009.??.??"]

1. d4 d5 2. c4 Nf6 3. Nf3 Bf5 4. e3 h6 5. Bd3 Bxd3 6. Qxd3 e6 7. O-O c5 8. Nc3
cxd4 9. Nxd4 Bb4 10. cxd5 Bxc3 11. Qxc3 Nxd5 12. Qb3 Qd7 13. Qb5 O-O 14. Qxd7
Nxd7 15. Bd2 a6 16. Rac1 Rac8 17. e4 N5f6 18. f3 Rfd8 19. Nb3 Ne5 20. Rxc8 Rxc8
21. Bc3 Ng6 22. Rd1 Kf8 23. g3 Ke8 24. Kf2 e5 25. Rd6 Nd7 26. h4 f6 27. Re6+
Kf7 28. Rd6 Ke8 1/2-1/2

[Event "Rodovremesterskabet Gruppe B 2009"]
[Site "Rodovre"]
[Date "2009.09.29"]
[Round "5"]
[White "Hansen, Ernst Mader"]
[Black "Wisal, Zoran"]
[Result "0-1"]
[WhiteElo "1582"]
[BlackElo "1460"]
[PlyCount "96"]
[EventDate "2009.??.??"]

1. e4 e5 2. Nf3 d6 3. h3 b6 4. Bc4 h6 5. d4 Nf6 6. Nc3 exd4 7. Nxd4 Be7 8. O-O
Bb7 9. Re1 O-O 10. Nd5 Nxd5 11. exd5 Bf6 12. c3 Nd7 13. Nc6 Bxc6 14. dxc6 Ne5
15. Bd5 Bg5 16. f4 Bh4 17. Re3 Ng6 18. g3 Bf6 19. Qg4 Ne7 20. Bg2 d5 21. Rd3
Qd6 22. c4 Qc5+ 23. Be3 Qxc4 24. Rad1 Qxc6 25. b3 Rad8 26. Rc1 Qb5 27. Qd1 c5
28. a4 Qd7 29. a5 Qb5 30. axb6 axb6 31. Bf1 Qd7 32. b4 d4 33. Bf2 Qd6 34. bxc5
bxc5 35. h4 Nf5 36. Bh3 Ne7 37. Qf3 Qb6 38. Rb3 Qc6 39. Qd3 Nd5 40. Bg2 Qd6 41.
Rd1 Rfe8 42. Rb7 Rd7 43. Qb5 Red8 44. Rb1 Nc3 45. Rxd7 Qxd7 46. Qxd7 Rxd7 47.
Rb8+ Kh7 48. Rc8 d3 0-1

[Event "Rodovremesterskabet Gruppe B 2009"]
[Site "Rodovre"]
[Date "2009.09.29"]
[Round "5"]
[White "Lergren, Ole"]
[Black "Ingvardsen, Jan"]
[Result "0-1"]
[WhiteElo "1570"]
[BlackElo "1314"]
[PlyCount "112"]
[EventDate "2009.??.??"]

1. d4 Nf6 2. Bg5 e6 3. f3 Be7 4. e4 d6 5. Bd3 h6 6. Bh4 Nbd7 7. Ne2 c5 8. c3
Qb6 9. Qd2 cxd4 10. Bf2 dxc3 11. Nbxc3 Qd8 12. Rc1 a6 13. O-O b5 14. Nd4 Bb7
15. Nce2 O-O 16. Nc6 Bxc6 17. Rxc6 Nc5 18. Bxc5 dxc5 19. e5 Nd5 20. Be4 Qd7 21.
Bxd5 exd5 22. Rb6 Qc7 23. Rd6 Bxd6 24. exd6 Qxd6 25. Rd1 Rad8 26. Nc3 d4 27.
Ne4 Qb6 28. Qf4 c4 29. Kh1 Rfe8 30. g4 d3 31. g5 Re6 32. gxh6 Rxh6 33. Rg1 Rg6
34. Ng5 Qf6 35. Qd2 Rxg5 36. Rxg5 Qxf3+ 37. Rg2 Re8 38. Kg1 Qe3+ 39. Kf1 Qxd2
40. Rxd2 Re6 41. b3 g5 42. bxc4 bxc4 43. Rg2 f6 44. h4 Re5 45. hxg5 fxg5 46.
Rd2 Kg7 47. Kg2 Kg6 48. Kf3 Kf5 49. Rd1 g4+ 50. Kg3 Re3+ 51. Kf2 Kf4 52. Rc1
g3+ 53. Kf1 Kf3 54. Kg1 d2 55. Rd1 Re1+ 56. Rxe1 dxe1=Q# 0-1

[Event "Rodovremesterskabet Gruppe B 2009"]
[Site "Rodovre"]
[Date "2009.10.06"]
[Round "6"]
[White "Nielsen, Kurt Sogaard"]
[Black "Sorensen, Poul Busk"]
[Result "1-0"]
[WhiteElo "1537"]
[BlackElo "1500"]
[PlyCount "89"]
[EventDate "2009.??.??"]

1. d4 Nf6 2. c4 e6 3. Nc3 b6 4. e3 Bb7 5. Nf3 Bb4 6. Bd2 O-O 7. a3 Be7 8. Be2
c5 9. O-O d5 10. dxc5 Bxc5 11. b4 Be7 12. Nb5 a6 13. Nbd4 dxc4 14. Bxc4 b5 15.
Be2 Ne4 16. Rc1 Nxd2 17. Qxd2 Bf6 18. Rfd1 g6 19. Qc2 Qe7 20. Qc7 Bxf3 21. Qxe7
Bxe7 22. Bxf3 Ra7 23. h3 e5 24. Nb3 Rd8 25. Rxd8+ Bxd8 26. Rc8 Rd7 27. Rxb8 Kg7
28. Nc5 Rd2 29. Nxa6 Bf6 30. Nc7 Kh6 31. Nxb5 e4 32. Bg4 Kg5 33. g3 h5 34. Bc8
h4 35. g4 Rd1+ 36. Kg2 Be5 37. Rb7 Rd2 38. Rd7 Ra2 39. Rxf7 Bb2 40. Bb7 Bc1 41.
Bxe4 Bxe3 42. Kf1 Bb6 43. f4+ Kh6 44. g5+ Kh5 45. Rh7# 1-0

[Event "Rodovremesterskabet Gruppe B 2009"]
[Site "Rodovre"]
[Date "2009.10.06"]
[Round "6"]
[White "Henriksen, Franz"]
[Black "Lergren, Ole"]
[Result "1-0"]
[WhiteElo "1368"]
[BlackElo "1570"]
[PlyCount "169"]
[EventDate "2009.??.??"]

1. e4 d6 2. f4 Nc6 3. Nf3 Bg4 4. Bb5 a6 5. Bxc6+ bxc6 6. O-O g6 7. d4 Bg7 8. b3
Nf6 9. e5 Nd5 10. c4 Nb6 11. Nc3 O-O 12. Be3 f6 13. exf6 Bxf6 14. Ne4 Bg7 15.
Qe1 Bf5 16. Neg5 Nd7 17. Rd1 d5 18. c5 Nf6 19. Ne5 Qe8 20. Qa5 Ra7 21. Qa4 Bd7
22. Ngf3 Ne4 23. Nxd7 Qxd7 24. Qb4 Qe6 25. Rde1 h6 26. Bc1 a5 27. Qa3 Qf5 28.
Ne5 Ra6 29. b4 Rfa8 30. bxa5 Rxa5 31. Qb4 Rxa2 32. g4 Qc8 33. f5 Bxe5 34. dxe5
R8a4 35. Qb3 Nxc5 36. Qh3 g5 37. Qxh6 Rxg4+ 38. Kh1 Rxh2+ 39. Qxh2 Rh4 40. Bxg5
Rxh2+ 41. Kxh2 Qe8 42. Rg1 Qh5+ 43. Bh4+ Kf8 44. Kh3 Ne4 45. Ref1 Nd2 46. Rf4
Nf3 47. Rf1 Nxe5 48. f6 e6 49. Rg1 Qh6 50. Ra4 Qe3+ 51. Rg3 Qxg3+ 52. Bxg3 Nd7
53. Bh4 e5 54. Ra7 e4 55. Rxc7 Ne5 56. Bg3 Nc4 57. Rxc6 e3 58. Kg2 Kf7 59. Kf1
Nd2+ 60. Ke2 d4 61. Bh4 Ne4 62. Rc7+ Kf8 63. Kd3 Nd6 64. Rd7 Nf5 65. Bg5 Ke8
66. Rd5 Ng3 67. Rxd4 e2 68. Bd2 Kf7 69. Rf4 Nh5 70. Rf2 Nxf6 71. Rxe2 Kg6 72.
Bc3 Nd5 73. Rf2 Kg5 74. Kd4 Nf6 75. Bd2+ Kg6 76. Rf1 Ng4 77. Rf4 Kh5 78. Rf5+
Kh4 79. Be1+ Kh3 80. Ke4 Nh2 81. Rg5 Nf1 82. Kf4 Kh2 83. Kf3 Kh1 84. Kf2 Nh2
85. Rg1# 1-0

[Event "Rodovremesterskabet Gruppe B 2009"]
[Site "Rodovre"]
[Date "2009.10.06"]
[Round "6"]
[White "Hansen, Ernst Mader"]
[Black "Nielsen, Niels Holger"]
[Result "0-1"]
[WhiteElo "1582"]
[BlackElo "1415"]
[PlyCount "84"]
[EventDate "2009.??.??"]

1. e4 d5 2. e5 e6 3. d4 Ne7 4. Bd3 Ng6 5. Nf3 Be7 6. O-O Nd7 7. b3 c5 8. c3 O-O
9. Re1 a6 10. g3 Re8 11. Na3 Ngf8 12. Nc2 b5 13. c4 bxc4 14. bxc4 dxc4 15. Be4
Rb8 16. d5 exd5 17. Bxd5 Nb6 18. Be4 Qc7 19. Na3 Be6 20. Qc2 g6 21. Bb2 c3 22.
Bxc3 Nd5 23. Red1 Nxc3 24. Qxc3 c4 25. Bd5 Bxd5 26. Rxd5 Rbc8 27. Nc2 Ne6 28.
Rad1 Qb6 29. Ne3 Bb4 30. Qc2 c3 31. Ng4 Red8 32. Nf6+ Kg7 33. Rxd8 Rxd8 34.
Rxd8 Qxd8 35. Ne4 Qd5 36. Kf1 Qc4+ 37. Ke1 Nd4 38. Nxd4 Qxd4 39. Kf1 Qxe5 40.
a3 Ba5 41. f4 Qb5+ 42. Kg1 Qb2 0-1

[Event "Rodovremesterskabet Gruppe B 2009"]
[Site "Rodovre"]
[Date "2009.10.06"]
[Round "6"]
[White "Wisal, Zoran"]
[Black "Ingvardsen, Jan"]
[Result "0-1"]
[WhiteElo "1460"]
[BlackElo "1314"]
[PlyCount "52"]
[EventDate "2009.??.??"]

1. e4 e6 2. d4 d5 3. e5 c5 4. c3 Nc6 5. a3 Qb6 6. Nh3 cxd4 7. cxd4 Qxd4 8. Nc3
Qxd1+ 9. Nxd1 Nxe5 10. Bb5+ Bd7 11. Bxd7+ Nxd7 12. Nc3 a6 13. O-O Ngf6 14. f4
Bc5+ 15. Kh1 O-O 16. Bd2 Rac8 17. Nf2 Rfe8 18. g4 Bxf2 19. Rxf2 Nxg4 20. Rg2
Ngf6 21. Rag1 g6 22. Ne2 Ne4 23. Bc1 Rc2 24. h4 Ndf6 25. Be3 Nh5 26. Bd4 Rxe2
0-1

[Event "Rodovremesterskabet Gruppe B 2009"]
[Site "Rodovre"]
[Date "2009.10.15"]
[Round "7"]
[White "Nielsen, Niels Holger"]
[Black "Wisal, Zoran"]
[Result "1/2-1/2"]
[WhiteElo "1415"]
[BlackElo "1460"]
[PlyCount "92"]
[EventDate "2009.??.??"]

1. e4 e5 2. Nf3 Nf6 3. Nxe5 Nxe4 4. d3 Nf6 5. Be2 Nc6 6. Nf3 h6 7. Nc3 b6 8.
Bd2 Bb7 9. O-O Bc5 10. Re1 O-O 11. Be3 Bxe3 12. fxe3 Qe7 13. e4 Ne5 14. Bf1
Nxf3+ 15. Qxf3 Nh7 16. Qg3 Qc5+ 17. Qe3 Qxe3+ 18. Rxe3 a6 19. Rae1 Rae8 20. d4
d6 21. Bc4 Ng5 22. Nd5 b5 23. Bb3 c6 24. Nf4 Kh7 25. c3 Ne6 26. Nxe6 fxe6 27.
e5 d5 28. g3 g6 29. Bc2 Kg7 30. a3 Re7 31. a4 Ref7 32. axb5 cxb5 33. Bd1 a5 34.
Bg4 Bc8 35. Be2 Bd7 36. b3 Ra8 37. Ra1 a4 38. c4 dxc4 39. bxc4 b4 40. d5 Rb8
41. Bg4 Re7 42. dxe6 Bxe6 43. Bxe6 Rxe6 44. Rxa4 b3 45. Ra1 b2 46. Rb1 Ra6
1/2-1/2

[Event "Rodovremesterskabet Gruppe B 2009"]
[Site "Rodovre"]
[Date "2009.10.20"]
[Round "7"]
[White "Sorensen, Poul Busk"]
[Black "Hansen, Ernst Mader"]
[Result "1-0"]
[WhiteElo "1500"]
[BlackElo "1582"]
[PlyCount "63"]
[EventDate "2009.??.??"]

1. d4 Nf6 2. c4 g6 3. Nc3 d5 4. Nf3 Bg7 5. e3 O-O 6. cxd5 Nxd5 7. Be2 Nxc3 8.
bxc3 c5 9. O-O Nc6 10. Qc2 cxd4 11. cxd4 a6 12. Bb2 Nb4 13. Qd2 Nd5 14. Rfd1
Re8 15. Rac1 e6 16. e4 Nf6 17. e5 Nd5 18. g3 Bd7 19. h4 Rc8 20. Nh2 Bf8 21. a3
f5 22. h5 f4 23. hxg6 hxg6 24. Rxc8 Bxc8 25. Ng4 g5 26. Bf3 Bg7 27. Qd3 fxg3
28. fxg3 Rf8 29. Kg2 Kf7 30. Rf1 Ne7 31. Qh7 Nf5 32. Nh6+ 1-0

[Event "Rodovremesterskabet Gruppe B 2009"]
[Site "Rodovre"]
[Date "2009.10.20"]
[Round "7"]
[White "Ingvardsen, Jan"]
[Black "Henriksen, Franz"]
[Result "1-0"]
[WhiteElo "1314"]
[BlackElo "1368"]
[PlyCount "105"]
[EventDate "2009.??.??"]

1. Nf3 c5 2. g3 g6 3. Bg2 d5 4. O-O Bg7 5. c4 d4 6. d3 Nc6 7. Nbd2 f5 8. Nb3 b6
9. Ne5 Nxe5 10. Bxa8 Be6 11. Bg2 Nf6 12. Bf4 Nf7 13. Nd2 g5 14. Bxg5 Nxg5 15.
e3 O-O 16. Nf3 Nxf3+ 17. Qxf3 dxe3 18. Qxe3 Ng4 19. Qxe6+ Kh8 20. Qd5 Qe8 21.
h3 Nh6 22. Rab1 Bd4 23. b4 Rg8 24. Qf3 e5 25. bxc5 Bxc5 26. Rbe1 Bd4 27. g4 Qe7
28. Kh1 fxg4 29. hxg4 Nxg4 30. Re4 Nf6 31. Rh4 Nd5 32. Rh2 Nf4 33. a4 Qa3 34.
Qe4 Ng6 35. Qb7 Ne7 36. Be4 Rg7 37. Qb8+ Ng8 38. Qe8 a5 39. Qh5 Nf6 40. Qh4
Nxe4 41. Qxe4 Ra7 42. Qf5 Qe7 43. Qc8+ Kg7 44. Rg1+ Kf6 45. Rh6+ Kf7 46. Rxh7+
Kf6 47. Rxe7 Rxe7 48. Qh8+ Ke6 49. Qh6+ Kd7 50. Rg7 Rxg7 51. Qxg7+ Kc6 52. f4
Kd6 53. f5 1-0